书目信息 |
| 题名: |
得了痛风怎么办
|
|
| 作者: | 陈东银 主编 ;李立保 编著 | |
| 分册: | ||
| 出版信息: | 北京 金盾出版社 2009 |
|
| 页数: | 242页 | |
| 开本: | 21cm | |
| 丛书名: | ||
| 单 册: | ||
| 中图分类: | R589.705 | |
| 科图分类: | ||
| 主题词: | 痛风--中西医结合疗法 , 痛风 , 中西医结合疗法 | |
| 电子资源: | ||
| ISBN: | 978-7-5082-5618-4 | |
| 000 | 00964nam0 2200265 45 | |
| 001 | 1033030984 | |
| 005 | 20100407170424.31 | |
| 010 | @a978-7-5082-5618-4@dCNY15.00 | |
| 100 | @a20100331d2009 em y0chiy50 ea | |
| 101 | 0 | @achi |
| 102 | @aCN@b110000 | |
| 105 | @aa z 000yy | |
| 106 | @ar | |
| 200 | 1 | @a得了痛风怎么办@ADe Le Tong Feng Zen Me Ban@f陈东银主编@FChen Dong Yin Zhu Bian@g李立保[等]编著 |
| 210 | @a北京@c金盾出版社@d2009 | |
| 215 | @a242页@c图@d21cm | |
| 330 | @a本书简要介绍了痛风的发病原因、诊断和鉴别诊断。重点介绍了痛风的中西医治疗,包括中医辨证论治的内服、外敷、内外兼治、中西医药物联合治疗的有效方剂、方法,以及对急性痛风性关节炎的冷敷、按摩、药膳等自然疗法。 | |
| 606 | 0 | @a痛风@x中西医结合疗法 |
| 606 | 0 | @a痛风 |
| 606 | 0 | @a中西医结合疗法 |
| 690 | @aR589.705@v4 | |
| 701 | 0 | @a陈东银@AChen Dong Yin@c(医学)@4主编 |
| 702 | 0 | @a李立保@ALi Li Bao@4编著 |
| 801 | 0 | @aCN@bTANGWEI@c20100407 |
| 905 | @b0587707-11@dR589.705@e116@f5 | |
| 得了痛风怎么办/陈东银主编/李立保[等]编著.-北京:金盾出版社,2009 |
| 242页:图;21cm |
| ISBN 978-7-5082-5618-4:CNY15.00 |
| 本书简要介绍了痛风的发病原因、诊断和鉴别诊断。重点介绍了痛风的中西医治疗,包括中医辨证论治的内服、外敷、内外兼治、中西医药物联合治疗的有效方剂、方法,以及对急性痛风性关节炎的冷敷、按摩、药膳等自然疗法。 |
| ● |
| 相关链接 |
|
|
|
|
正题名:得了痛风怎么办
索取号:R589.705/116
 
预约/预借
| 序号 | 登录号 | 条形码 | 馆藏地/架位号 | 状态 | 备注 |
| 1 | 0587707 | 205877078 | 第二样本阅览室/ [索取号:R589.705/116] | 在馆 | |
| 2 | 0587708 | 205877087 | 第三借阅区/ [索取号:R589.705/116] | 在馆 | |
| 3 | 0587709 | 205877096 | 第三借阅区/ [索取号:R589.705/116] | 在馆 | |
| 4 | 0587710 | 205877103 | 第三借阅区/ [索取号:R589.705/116] | 在馆 | |
| 5 | 0587711 | 205877112 | 第三借阅区/ [索取号:R589.705/116] | 在馆 |